Najpopularniejsze nazwiska w danym kraju cz.1 - Statystyki

Ogólne statystyki
  • Ten quiz został rozwiązany 24 razy
  • Średni wynik to 12 z 15
Statystyki odpowiedzi
Nazwisko (ile osób je ma) Odpowiedź % Poprawnych
Wang (≈100000000) 7% Chiny
100%
Da Silva (≈13000000) 5% Brazylia
91%
Kim (≈11000000) 21% Korea Południowa
91%
Müller (≈960000) 1% Niemcy
87%
Ivanov/Ivanova (≈1800000) 1% Rosja
87%
Rossi (≈350000) 0,5% Włochy
87%
Smith (≈180000) 0,65% Australia
83%
Garcia (≈1500000) 3% Hiszpania
83%
Smith (≈3000000) 1% Usa
83%
Smith (≈700000) 1% Wielka Brytania
83%
Hernandez (≈4900000) 3% Meksyk
78%
Tanaka (≈1400000) 1% Japonia
74%
Smith (≈190000) 0,5% Kanada
74%
Devi (≈71000000) 5% Indie
61%
Martin (≈320000) 0,5% Francja
57%
Nie znaleziono quizów pasujących do podanych kryteriów
Rozkład punktacji
Procent ludzi z każdym wynikiem
Percentyl według liczby udzielonych odpowiedzi
Twoja historia wyników
Nie rozwiązałeś tego quizu